<?xml version="1.0" encoding="UTF-8"?><?xml-stylesheet type="text/xsl" href="static/style.xsl"?><OAI-PMH xmlns="http://www.openarchives.org/OAI/2.0/" xmlns:xsi="http://www.w3.org/2001/XMLSchema-instance" xsi:schemaLocation="http://www.openarchives.org/OAI/2.0/ http://www.openarchives.org/OAI/2.0/OAI-PMH.xsd"><responseDate>2026-04-18T06:08:27Z</responseDate><request verb="GetRecord" identifier="oai:www.recercat.cat:10230/43087" metadataPrefix="marc">https://recercat.cat/oai/request</request><GetRecord><record><header><identifier>oai:recercat.cat:10230/43087</identifier><datestamp>2025-12-22T20:19:35Z</datestamp><setSpec>com_2072_6</setSpec><setSpec>col_2072_452954</setSpec></header><metadata><record xmlns="http://www.loc.gov/MARC21/slim" xmlns:dcterms="http://purl.org/dc/terms/" xmlns:xsi="http://www.w3.org/2001/XMLSchema-instance" xmlns:doc="http://www.lyncode.com/xoai" xsi:schemaLocation="http://www.loc.gov/MARC21/slim http://www.loc.gov/standards/marcxml/schema/MARC21slim.xsd">
   <leader>00925njm 22002777a 4500</leader>
   <datafield ind2=" " ind1=" " tag="042">
      <subfield code="a">dc</subfield>
   </datafield>
   <datafield ind2=" " ind1=" " tag="720">
      <subfield code="a">Díaz Garcés, Elisenda</subfield>
      <subfield code="e">author</subfield>
   </datafield>
   <datafield ind2=" " ind1=" " tag="260">
      <subfield code="c">2019-12-04T11:33:56Z</subfield>
   </datafield>
   <datafield ind2=" " ind1=" " tag="260">
      <subfield code="c">2019-12-04T11:33:56Z</subfield>
   </datafield>
   <datafield ind2=" " ind1=" " tag="260">
      <subfield code="c">2018</subfield>
   </datafield>
   <datafield ind2=" " ind1=" " tag="520">
      <subfield code="a">Tutor: Fran Benavente</subfield>
   </datafield>
   <datafield ind2=" " ind1=" " tag="520">
      <subfield code="a">Treball de l&amp;apos;assignatura: Història Crítica de les Metodologies d&amp;apos;Investigació en el Cinema i en l&amp;apos;Audiovisual II, de segon trimestre del màster en Estudis de Cinema i Audiovisual Contemporanis. Curs 2017-2018</subfield>
   </datafield>
   <datafield ind2=" " ind1=" " tag="520">
      <subfield code="a">Este estudio se propone explorar las posibilidades que contiene el ensayar una imagen, una obra. En las representaciones cinematográficas del proceso creativo, al consistir en un constante repetir, retomar, probar y variar, construyen obras abiertas, oeuvres en train de se faire, que no llegan a clausurarse nunca. Esta apertura libera los significantes, relativizan los sentidos. Cuando vemos una imagen y luego la volvemos a ver, el espectador despierta y empieza a jugar con la obra.</subfield>
   </datafield>
   <datafield ind2=" " ind1=" " tag="520">
      <subfield code="a">This  study  wants  to  explore  the  possibilities  of  testing  images.  In  the  cinematographic representations of the creative process takes placerepetitions, variations, tests, retaking, trying out; this rehearsal’s experience provides an aperture of the piece,in this present time continuous of the art proceed the piece never concludes. The sense is relative, the significant  released.  When  the  spectator  sees  one  time  and  another  the  same  image, wakes up and start playing, testing, with the piece.</subfield>
   </datafield>
   <datafield tag="653" ind2=" " ind1=" ">
      <subfield code="a">Repetició en la cinematografia</subfield>
   </datafield>
   <datafield ind2="0" ind1="0" tag="245">
      <subfield code="a">La répétition en el cine: desplazamiento y liberación de la obra</subfield>
   </datafield>
</record></metadata></record></GetRecord></OAI-PMH>